Chinese Car Logo - Statistics

General Stats
  • This quiz has been taken 22 times
  • The average score is 8 of 16
Answer Stats
Picture Hint Answer % Correct
British Company MG
94%
Saic
81%
Changan
75%
BYD
69%
Red Flag Hongqi
69%
Chery
63%
Avatr
50%
Baic
50%
FAW
44%
Deepal
38%
Dongfeng
38%
Starts with I and M IM Motors
38%
Forthing
31%
Jetour
31%
Voyah
31%
Bestune
25%
No matching quizzes found
Score Distribution
Percent of People with Each Score
Percentile by Number Answered
Your Score History
You have not taken this quiz